000 01142nas a2200361 4500
001 BR2013004811
003 BR-BrBNA
005 20231205122526.0
007 ta
008 230509b bl.|||p| |||| 00| 00por d
040 _aBR-BrBNA
_bpor
_cBiblioteca Nacional de Agricultura
041 _a(Pt)
072 _aP10
100 1 _aUmetsu, R.K.
100 1 _aPereira, N.
100 1 _aCampos, É.M.F. de P. de
100 1 _aUmetsu, C.A.
100 1 _aMendonça, R.A.M. de
100 1 _aBernasconi, P.
100 1 _aCamargo, M.F.
100 1 _a
100 1 _a
100 1 _a
245 1 _aAnálise morfométrica e socioambiental de uma bacia hidrográfica amazônica, Carlinda, MT
246 1 _aMorphometric and socio-environmental analysis of an amazonian watershed, Carlinda, MT, Brazil
650 _aBACIA HIDROGRÁFICA
650 _aRECURSO HÍDRICO
650 _aANÁLISE
773 0 _tRevista Árvore (Brazil)
_xISSN 0100-6762
_g(Jan-Feb 2012), v. 36(1) p. 83-92
_wBR2013004811
856 4 0 _uhttp://www.scielo.br/pdf/rarv/v36n1/a10v36n1.pdf
909 _a202311
_bLúcia
_c55
_dLúcia Elande
942 _2AGRIS
_n0
_cANA
999 _c229114
_d229114